书目信息 |
| 题名: |
信用管理手册
|
|
| 作者: | 邦德 著 ;北京华译网翻译公司 译 | |
| 分册: | ||
| 出版信息: | 北京 中国人民大学出版社 2004 |
|
| 页数: | 528页 | |
| 开本: | 26cm | |
| 丛书名: | 工商管理经典译丛 | |
| 单 册: | ||
| 中图分类: | F830.56 | |
| 科图分类: | ||
| 主题词: | 公司--信贷管理 , 公司--应收帐款--财务管理 , 工业--贷款 , 商业--贷款 | |
| 电子资源: | ||
| ISBN: | 7-300-06114-1 | |
| 000 | 01349oam2 2200361 45 | |
| 001 | 110000007087 | |
| 005 | 20051213143232.96 | |
| 010 | @a7-300-06114-1@dCNY69.00 | |
| 092 | @aCN | |
| 100 | @a20050420d2004 ekmy0chiy0120 ea | |
| 101 | 1 | @achi@ceng |
| 102 | @aCN@b110000 | |
| 105 | @ay z 000yy | |
| 200 | 1 | @a信用管理手册@9xin yong guan li shou ce@d= Credit Management Handbook@f(美)赛西尔·邦德(Cecil J.Bond)著@F(mei)sai xi er·bang de(Cecil J.Bond)zhu@g北京华译网翻译公司译@zeng |
| 210 | @a北京@c中国人民大学出版社@d2004 | |
| 215 | @a528页@d26cm | |
| 225 | 2 | @a工商管理经典译丛@i信用管理系列 |
| 304 | @a版权页题: (美)赛西尔·帮德著 | |
| 306 | @a由中国人民大学出版社和美国麦格劳-希尔教育(亚洲)出版公司合作出版。 | |
| 330 | @a本书系统地阐述了公司信用管理政策目标,说明了如何起草信用管理政策,并对公司可能遇到的一般性和具体性信用问题及其解决方法进行了全面阐释。 | |
| 461 | 0 | @12001 @a工商管理经典译丛 |
| 462 | 0 | @12001 @a信用管理系列 |
| 510 | 1 | @aCredit Management Handbook@zeng |
| 606 | 0 | @a公司@x信贷管理 |
| 606 | 0 | @a公司@x应收帐款@x财务管理 |
| 606 | 0 | @a工业@x贷款 |
| 606 | 0 | @a商业@x贷款 |
| 690 | @aF830.56@v4 | |
| 701 | 0 | @a邦德@Abang de@4著 |
| 712 | 02 | @a北京华译网翻译公司@9bei jing hua yi wang fan yi gong si@4译 |
| 801 | 0 | @aCN@bCXYBOOK@c20051213 |
| 905 | @a10447@dF830.56@e37 | |
| 999 | @aAFJ@eGLX | |
| 信用管理手册= Credit Management Handbook/(美)赛西尔·邦德(Cecil J.Bond)著/北京华译网翻译公司译.-北京:中国人民大学出版社,2004 |
| 528页;26cm.-(工商管理经典译丛.信用管理系列) |
| ISBN 7-300-06114-1:CNY69.00 |
| 本书系统地阐述了公司信用管理政策目标,说明了如何起草信用管理政策,并对公司可能遇到的一般性和具体性信用问题及其解决方法进行了全面阐释。 |
| ● |
| 相关链接 |
|
|
|
|
正题名:信用管理手册
索取号:F830.56/37
 
预约/预借
| 序号 | 登录号 | 条形码 | 馆藏地/架位号 | 状态 | 备注 |
| 1 | 0371265 | 203712651 | 第一样本阅览室/ [索取号:F830.56/37] | 在馆 | |
| 2 | 0371266 | 203712660 | 第一借阅区/ [索取号:F830.56/37] | 在馆 | |
| 3 | 0371267 | 203712679 | 第一借阅区/ [索取号:F830.56/37] | 在馆 | |
| 4 | 0371268 | 203712688 | 第一借阅区/ [索取号:F830.56/37] | 在馆 | |
| 5 | 0371269 | 203712697 | 第一借阅区/ [索取号:F830.56/37] | 在馆 |